Biología 1 (Registro nro. 22208)
[ vista simple ]
| 000 -LEADER | |
|---|---|
| campo de control de longitud fija | 01334nam a22003857a 4500 |
| 001 - NÚMERO DE CONTROL | |
| campo de control | 2853 |
| 003 - IDENTIFICADOR DE NÚMERO DE CONTROL | |
| campo de control | AR-MoEEST |
| 005 - FECHA Y HORA DE LA ÚLTIMA TRANSACCIÓN | |
| campo de control | 20260508164314.0 |
| 008 - DATOS DE LONGITUD FIJA--INFORMACIÓN GENERAL | |
| campo de control de longitud fija | 240619s2004 ag ||||dr||||f00| 0 spa d |
| 020 ## - NÚMERO INTERNACIONAL ESTÁNDAR DEL LIBRO | |
| Número Internacional Estándar del Libro | 9500108682 |
| 040 ## - FUENTE DE CATALOGACIÓN | |
| Centro catalogador/agencia de origen | AR-MoEEST4 |
| Lengua de catalogación | spa |
| Centro/agencia transcriptor | AR-MoEEST4 |
| Normas de descripción | aarc |
| 041 ## - CÓDIGO DE IDIOMA | |
| Código de lengua original | spa |
| Código de lengua del texto/banda sonora o título independiente | español |
| 080 0# - NÚMERO DE LA CLASIFICACIÓN DECIMAL UNIVERSAL | |
| Número de la Clasificación Decimal Universal | 57 (075) BOC |
| 100 10 - ENTRADA PRINCIPAL--NOMBRE DE PERSONA | |
| Nombre de persona | Bocalandro, Noemí |
| Término indicativo de función/relación | autora |
| 245 10 - MENCIÓN DEL TÍTULO | |
| Título | Biología 1 |
| Resto del título | biología humana y salud |
| 250 ## - MENCION DE EDICION | |
| Mención de edición | 1a ed. |
| 260 ## - PUBLICACIÓN, DISTRIBUCIÓN, ETC. | |
| Lugar de publicación, distribución, etc. | Buenos Aires : |
| Nombre del editor, distribuidor, etc. | Estrada, |
| Fecha de publicación, distribución, etc. | 2004 |
| 300 ## - DESCRIPCIÓN FÍSICA | |
| Extensión | 351, 63 p. |
| 336 ## - TIPO DE CONTENIDO | |
| Término de tipo de contenido | Texto |
| 337 ## - TIPO DE MEDIO | |
| Nombre/término del tipo de medio | Sin mediación |
| 490 ## - MENCIÓN DE SERIE | |
| Mención de serie | Estrada polimodal |
| 505 0# - NOTA DE CONTENIDO CON FORMATO | |
| Título | Bloque 1: La célula, unidad estructural y funcional |
| Información miscelánea | pág. (6-77) |
| 505 0# - NOTA DE CONTENIDO CON FORMATO | |
| Título | Bloque 2: El organismo humano como sistema complejo y abierto |
| Información miscelánea | pág. (78-105) |
| 505 0# - NOTA DE CONTENIDO CON FORMATO | |
| Título | Bloque 3: La nutrición en el organismo humano |
| Información miscelánea | pág. (106-157) |
| 505 0# - NOTA DE CONTENIDO CON FORMATO | |
| Título | Bloque 4: La función de relación |
| Información miscelánea | pág. (158-249) |
| 505 0# - NOTA DE CONTENIDO CON FORMATO | |
| Título | Bloque 5: La vida, continuidad y cambio |
| Información miscelánea | pág. (250-315) |
| 505 0# - NOTA DE CONTENIDO CON FORMATO | |
| Título | Bloque 6: La biología como emprendimiento humano |
| Información miscelánea | pág. (316-353) |
| 650 #7 - PUNTO DE ACCESO ADICIONAL DE MATERIA--TÉRMINO DE MATERIA | |
| Término de materia o nombre geográfico como elemento de entrada | Biología |
| 653 #4 - TÉRMINO DE INDIZACIÓN--NO CONTROLADO | |
| Término no controlado | Ciencias Naturales |
| 653 #4 - TÉRMINO DE INDIZACIÓN--NO CONTROLADO | |
| Término no controlado | Libros de enseñanza |
| 655 #7 - TERMINO DE INDIZACIÓN--GENERO/FORMA | |
| Datos o término principal de género/forma | Libros de textos |
| 700 1# - ENTRADA AGREGADA--NOMBRE PERSONAL | |
| Nombre de persona | Frid, Débora |
| Término indicativo de función/relación | autora |
| 700 1# - ENTRADA AGREGADA--NOMBRE PERSONAL | |
| Nombre de persona | Socolovsky, Laura |
| Término indicativo de función/relación | autora |
| 942 ## - ELEMENTOS DE ENTRADA SECUNDARIOS (KOHA) | |
| Fuente del sistema de clasificación o colocación | |
| Tipo de ítem Koha | Libros |
| Estatus retirado | Estado de pérdida | Fuente del sistema de clasificación o colocación | Estado de daño | No para préstamo | Biblioteca de origen | Biblioteca actual | Fecha de adquisición | Número de inventario | Total de préstamos | Código de barras | Fecha de vencimiento | Visto por última vez | Fecha del último préstamo | Copia número | Precio de reemplazo | Tipo de ítem Koha | Nota pública |
|---|---|---|---|---|---|---|---|---|---|---|---|---|---|---|---|---|---|
| Clasificación Decimal Dewey | Biblioteca "Roberto Noble" - La Reja - Moreno - Pcia. Buenos Aires. Argentina | Biblioteca "Roberto Noble" - La Reja - Moreno - Pcia. Buenos Aires. Argentina | 16/02/2026 | 38888 | 3 | 38888 | 16/03/2026 | 02/03/2026 | 02/03/2026 | 1 | 16/02/2026 | Libros | CUIDE EL LIBRO |